Liber exceptionum
Guardat en:
| Autor principal: | |
|---|---|
| Format: | Llibre |
| Idioma: | francès |
| Publicat: |
París
J. Vrin
1958
|
| Col·lecció: | Textes Philosophiques du Moyen Age, 5
|
| Matèries: | |
| Etiquetes: |
Afegir etiqueta
Sense etiquetes, Sigues el primer a etiquetar aquest registre!
|
MARC
| LEADER | 00000nam a2200000 a 4500 | ||
|---|---|---|---|
| 001 | UCZ3925 | ||
| 003 | CL-VaPUC | ||
| 008 | 951027e19580000FR |||||||||||||||||fre|d | ||
| 082 | 0 | 4 | |a 189 |b SAI |2 21 |
| 100 | 0 | |a Saint-Victor, Richard de |e author |9 347779 | |
| 245 | 1 | 0 | |a Liber exceptionum |
| 300 | |a 547 p | ||
| 942 | |c BK | ||
| 945 | |d 19951027 00:00:00 |a lriquelm | ||
| 260 | |a París |b J. Vrin |c 1958 | ||
| 650 | 0 | |a Filosofía medieval |9 256245 | |
| 650 | 0 | |a Textos sagrados |9 257605 | |
| 650 | 0 | |a Teología |9 258766 | |
| 650 | 7 | |a DOCTRINAS RELIGIOSAS |2 CL-VaPUC |9 337177 | |
| 583 | |a last modification |c 19951027 00:00:00 |k Rodrigo Vera | ||
| 490 | 0 | |a Textes Philosophiques du Moyen Age, 5 | |
| 999 | |c 240368 |d 240366 | ||
| 952 | |0 0 |1 0 |4 0 |6 189_000000000000000_SAI_1958 |7 0 |8 P |9 252211 |a BIBEDU |b BIBEDU |c BIBEDU_PB |d 2019-11-18 |i 1591878 |o 189 SAI 1958 |p 1591878 |r 2024-01-25 |w 2019-11-18 |y BK |k FIL | ||